| 000 | 00000nas##2200000za#4500 |
| 001 | 9.508372 |
| 003 | CaOODSP |
| 005 | 20200325100604 |
| 007 | ta |
| 008 | 150406c1995||||xxc|| p #||||f| |0eng|d |
| 022 | |a1183-5036 |
| 040 | |aCaOODSP|beng |
| 041 | |aeng |
| 041 | |afre |
| 043 | |an-cn--- |
| 086 | 1 |aD91-1 |
| 110 | 1 |aCanada.|bNational Search and Rescue Secretariat. |
| 245 | 10|aSARSCENE |
| 260 | |aOttawa - Ontario : |bNational Search and Rescue Secretariat |
| 310 | |aQuarterly |
| 362 | 1 |a[Vol. 1, No. 1] -- Vol. 14, No 1, Winter/Spring 2004 |
| 500 | |a"The Canadian search and rescue magazine". Continued in electronic format. |
| 546 | |aBilingual |
| 563 | |aSoftcover |
| 785 | 00|tSarscene : |w(CaOODSP)9.504791 |
| 792 | |tSARSCÈNE |efre|w(CaOODSP)9.508373 |